000 00319cam a2200145ua 4500
001 9496
008 120723n II |||gr||||Z||||||eng
040 _aMAIN
041 _aEnglish
082 _a515.3 VAR
100 _aVARSHNEY, C. L.
245 _aDIFFERENTIAL CALCULAS
653 _aDifferential Calculus
942 _cBK
999 _c9472
_d9472